[One Piece] Membres de Baroque Works en images - Statistiques

Statistiques générales
  • Ce quiz a été pris 83 fois
  • Le résultat moyen est 19 sur 31
Statistiques - réponses
Par images Réponse % Correct
Miss All Sunday (Nico Robin)
100%
Mr. 0 (Crocodile)
97%
Mr. 1 (Daz Bones)
94%
Mr. 2/Bonclay (Bentham)
94%
Mr. 3 (Galdino)
94%
Mr. 5 (Gem)
93%
Miss Wednesday (Vivi)
90%
Mr. 4 (Babe)
88%
Mr. 8 (Igaram)
84%
Mr. 9
83%
Mr. 7
81%
Miss Valentine (Mikita)
80%
Mr. 11
72%
Kaloo
71%
Miss Golden Week (Marianne)
67%
Miss Monday
67%
Miss Double Finger (Zala)
64%
Miss Merry Christmas (Drophy)
62%
Mr. 13
62%
Mr. 10
61%
Miss Friday
48%
Miss Tuesday
41%
Lassou
38%
Miss Father's Day
36%
Banchi
16%
Mr. Beans
16%
Mr. Love
14%
Mr. Mellow
14%
Akumai
13%
Miss Catharina
13%
Mr. Shimizu
13%
Aucun quiz correspondant
Distribution des résultats
% des personnes avec chaque résultat
Percentile par nombre de réponses
Votre historique - résultats
Vous n’avez pas pris ce quiz